| 000 | 01132nam0a2200349 4500 | ||
|---|---|---|---|
| 001 | RU\NLR\BIBL_A\012905215 | ||
| 005 | 20221129084339.0 | ||
| 010 |
_a978-5-00149-794-3 _966 |
||
| 021 |
_aRU _bКН-П-22-054228 _9КН-П-22-4706 |
||
| 035 | _a(NLR Aleph) 012905215 | ||
| 035 | _a(RuMoRGB)011178294 | ||
| 090 |
_a12595351 _c12595351 |
||
| 100 | _a20221010d2022 u y0rusy50 ca | ||
| 101 | 0 | _arus | |
| 102 | _aRU | ||
| 105 | _aa z 000gy | ||
| 181 | 0 |
_ai _baxxe |
|
| 182 | 0 | _an | |
| 200 | 1 |
_aКто я? _e[стихи] _fОксана Нассуха |
|
| 203 |
_aТекст _bвизуальный _cнепосредственный |
||
| 210 |
_aМосква _cЭдитус _d2022 |
||
| 215 |
_a235 с. _cил. _d22 |
||
| 330 | _aСборник стихов для любителей поэзии | ||
| 333 | _a16+ | ||
| 675 |
_a821.161.1-1 _v4 |
||
| 686 | 2 | _aШ6(2=Р)8-5 | |
| 700 | 1 |
_aНассуха _bО. А. _gОксана Алексеевна |
|
| 942 | _cBOOK | ||
| 980 | _aNB | ||